| 000 | 00401nam a22001577a 4500 | ||
|---|---|---|---|
| 020 | _a9780070620179 | ||
| 040 | _cNUST | ||
| 082 | _a658.421 HIS | ||
| 100 | _aHisrich, Robert D. | ||
| 110 |
_aPeters, Michael P. I Shepherd, Dean A. _9112254 |
||
| 245 | _aEntrepreneurship | ||
| 250 | _a6th Edition | ||
| 260 |
_aNew Dehli: _bMc Graw Hill, _c2009. |
||
| 650 | _aEntrepreneurship | ||
| 942 |
_2ddc _cBK |
||
| 999 |
_c594700 _d594700 |
||